Zpráva o 12. společné schůzi Sněmovny lidu a Sněmovny národů 6. volební období. 16. ledna 1991

Salvato in:
Dettagli Bibliografici
Natura: Libro
Lingua:ceco
Pubblicazione: Praha Federální shromáždění ČSFR 1991
Tags: Aggiungi Tag
Nessun Tag, puoi essere il primo ad aggiungerne!!

MARC

LEADER 00000nam a2200000 4500
001 c040861
005 20250606091735.3
041 0 |a cze 
044 |a CZ 
245 1 0 |a Zpráva o 12. společné schůzi Sněmovny lidu a Sněmovny národů  |b 6. volební období. 16. ledna 1991 
264 1 |a Praha  |b Federální shromáždění ČSFR  |c 1991 
300 |a 97 s.